An Introduction to Polymer Physics (Record no. 8341)

MARC details
000 -LEADER
fixed length control field 00510nam a22001937a 4500
003 - CONTROL NUMBER IDENTIFIER
control field OSt
005 - DATE AND TIME OF LATEST TRANSACTION
control field 20240520154257.0
008 - FIXED-LENGTH DATA ELEMENTS--GENERAL INFORMATION
fixed length control field 240520b |||||||| |||| 00| 0 eng d
020 ## - INTERNATIONAL STANDARD BOOK NUMBER
International Standard Book Number 052163721X
040 ## - CATALOGING SOURCE
Transcribing agency DDC
082 ## - DEWEY DECIMAL CLASSIFICATION NUMBER
Classification number 530 BOW 2002
100 ## - MAIN ENTRY--PERSONAL NAME
Personal name Bowel, David I.
9 (RLIN) 16984
245 ## - TITLE STATEMENT
Title An Introduction to Polymer Physics
260 ## - PUBLICATION, DISTRIBUTION, ETC. (IMPRINT)
Place of publication, distribution, etc. Cambridge University Press, 2002
300 ## - PHYSICAL DESCRIPTION
Extent xx,444p;
Other physical details Ill: 24.5cm
504 ## - BIBLIOGRAPHY, ETC. NOTE
Bibliography, etc Appendix, & Included
650 ## - SUBJECT ADDED ENTRY--TOPICAL TERM
Topical term or geographic name as entry element Polymer physics
9 (RLIN) 16985
942 ## - ADDED ENTRY ELEMENTS (KOHA)
Source of classification or shelving scheme Dewey Decimal Classification
Koha item type Open Shelf
Holdings
Withdrawn status Lost status Source of classification or shelving scheme Damaged status Not for loan Home library Current library Date acquired Source of acquisition Inventory number Total Checkouts Full call number Barcode Date last seen Koha item type
    Dewey Decimal Classification     MUST Main Library MUST Main Library 20/05/2024 Donation 03/18720   530 BOW 2002 2024-0204 20/05/2024 Open Shelf